01310nab a22002297a 4500003000400000005001700004008004100021040000700062100002500069245012600094300001300220500003600233505038300269505009600652650002900748650004900777650003000826650001400856650003100870650002900901773015000930OSt20260101234223.0190514b xxu||||| |||| 00| 0 spa d cPJ aMartino, Carolina B.10aImplicancias negativas del fallo emitido por la Corte Suprema sobre gestación por sustitución /cCarolina B. Martino. ap. 64-70 aCita: TR LALEY AR/DOC/876/2025. aSumario: I. Hechos del caso.— II. Decisiones de los tribunales de primera y segunda instancia.— III. El recurso de queja de los actores.— IV. La decisión de la Corte.— V. Problemáticas jurídicas e interpretativas en juego.— VI. La exclusión de las parejas homosexuales masculinas del acceso a la gestación por sustitución.— VII. Breve reflexión final.  tFallo comentado: CS ~ 22/10/2024 ~ S., I. N. c. A., C. L. s/ impugnación de filiación. 0aCODIGO CIVIL Y COMERCIAL 0aTÉCNICAS DE REPRODUCCIÓN HUMANA ASISTIDA 0aGESTACION POR SUSTITUCION 0aFILIACION 0aFALLOS DE LA CORTE SUPREMA 0aJURISPRUDENCIA APLICABLE0 02844dBuenos Aires : AbeledoPerrot, 1989-tDerecho de familia. Revista Interdisciplinaria de doctrina y jurisprudencia. Junio 2025-III.z18511201